LEADER 04576nam 22007692 450 001 9910457209103321 005 20151005020621.0 010 $a1-107-14520-1 010 $a1-280-47771-7 010 $a9786610477715 010 $a0-511-19510-9 010 $a0-511-19576-1 010 $a0-511-19367-X 010 $a0-511-31414-0 010 $a0-511-54363-8 010 $a0-511-19441-2 035 $a(CKB)1000000000353658 035 $a(EBL)259870 035 $a(OCoLC)171138727 035 $a(SSID)ssj0000197809 035 $a(PQKBManifestationID)11185717 035 $a(PQKBTitleCode)TC0000197809 035 $a(PQKBWorkID)10169727 035 $a(PQKB)11318696 035 $a(UkCbUP)CR9780511543630 035 $a(MiAaPQ)EBC259870 035 $a(Au-PeEL)EBL259870 035 $a(CaPaEBR)ebr10130358 035 $a(CaONFJC)MIL47771 035 $a(OCoLC)935232830 035 $a(EXLCZ)991000000000353658 100 $a20090505d2004|||| uy| 0 101 0 $aeng 135 $aur||||||||||| 181 $ctxt$2rdacontent 182 $cc$2rdamedia 183 $acr$2rdacarrier 200 00$aMarijuana and madness $epsychiatry and neurobiology /$fedited by David Castle, Robin Murray$b[electronic resource] 205 $a2nd ed. 210 1$aCambridge :$cCambridge University Press,$d2004. 215 $a1 online resource (xvi, 218 pages) $cdigital, PDF file(s) 300 $aTitle from publisher's bibliographic system (viewed on 05 Oct 2015). 311 $a0-521-52546-2 311 $a0-521-81940-7 320 $aIncludes bibliographical references and index. 327 $tThe cannabinoid system: from the point of view of a chemist /$rRaphael Mechoulam,$rL. Hanus ?--$tHow cannabis works in the brain /$rLeslie Iversen --$tAcute and subacute psychomimetic effects of cannabis in humans /$rDavid Castle,$rNadia Solowij --$tThe association between cannabis use and depression : a review of the evidence /$rLouisa Degenhardt ...$g[and others] --$tCannabis and psychosis proneness /$rHel?ene ?Verdoux --$tIs there a specific 'cannabis psychosis'? /$rWayne Hall,$rLouisa Degenhardt --$tCannabis as a potential causal factor in schizophrenia /$rLouise Arseneault ...$g[and others] --$tCannabis abuse and the course of schizophrenia /$rD.H. Linszen,$rLieuwe de Haan,$rBart Peters --$tThe endogenous cannabinoid system in schizophrenia /$rSuresh Sundram,$rBrian Dean,$rDavid Copolov --$tCannabinoid 'model' psychosis, dopamine-cannabinoid interactions and implications for schizophrenia /$rCyril D'Souza ...$g[et al.] --$tMotives that maintain cannabis use among individuals with psychotic disorders /$rCatherine Spencer --$tAddressing cannabis abuse in people with psychosis /$rWynne James --$tResidual cognitive effects of long-term cannabis use /$rHarrison Pope, Jr.,$rDeborah Yurgelun-Todd. 330 $aThis book provides a comprehensive overview of the psychiatry and neuroscience of Cannabis sativa (marijuana), with particular emphasis on psychotic disorders. It outlines developments in our understanding of the human cannabinoid system, and links this knowledge to clinical and epidemiological facts about the impact of cannabis on mental health. Clinically focused chapters review not only the direct psychomimetic properties of cannabis, but also the impact consumption has on the courses of evolving or established mental illness such as schizophrenia. A number of controversial issues are critically explored, including whether a discrete 'cannabis psychosis' exists, and whether cannabis can actually cause schizophrenia. Effects of cannabis on mood, notably depression, are reviewed, as are its effects on cognition. This book will be of interest to all members of the mental health team, as well as to neuroscientists and those involved in drug and alcohol research. 517 3 $aMarijuana & Madness 606 $aMarijuana$xPhysiological effect 606 $aMarijuana$xPsychological aspects 606 $aMarijuana abuse$xComplications 606 $aPsychoses$xEtiology 606 $aSchizophrenia$xEtiology 615 0$aMarijuana$xPhysiological effect. 615 0$aMarijuana$xPsychological aspects. 615 0$aMarijuana abuse$xComplications. 615 0$aPsychoses$xEtiology. 615 0$aSchizophrenia$xEtiology. 676 $a615/.7827 702 $aCastle$b David J. 702 $aMurray$b Robin M.$f1944- 801 0$bUkCbUP 801 1$bUkCbUP 906 $aBOOK 912 $a9910457209103321 996 $aMarijuana and madness$91899815 997 $aUNINA LEADER 01334nam0-2200373 --450 001 9911034276903321 005 20251026110940.0 100 $a20251026d kmuy0itay5050 ba 101 0 $aita 102 $aIT 105 $aa 001yy 200 1 $aEnciclopedia agraria italiana$eopera illustrata con numerose incisioni nel testo e tavole in litografia$fredatta da agronomi delle diverse provincie e diretta dal commendatore Gaetano Cantoni ... 210 $aTorino$cUnione Tipografico-Editrice 215 $avolumi$cill.$d27 cm. 610 0 $aAgraria$aEnciclopedie 676 $a338.1$v23$zita 702 1$aCantoni,$bGaetano$f<1815-1887> 801 0$aIT$bUNINA$gREICAT$2UNIMARC 901 $aBK 912 $a9911034276903321 952 $aE ARB 7-1.1$b03/4428/25$fFAGBC 952 $aE ARB 7-1.2$b03/4429/25$fFAGBC 952 $aE ARB 7-2.1$b03/4430/25$fFAGBC 952 $aE ARB 7-2.2$b03/4431/25$fFAGBC 952 $aE ARB 7-3.1$b03/4432/25$fFAGBC 952 $aE ARB 7-3.2$b03/4433/25$fFAGBC 952 $aE ARB 7-3.3$b03/4434/25$fFAGBC 952 $aE ARB 7-3.4$b03/4435/25$fFAGBC 952 $aE ARB 7-4.1$b03/4436/25$fFAGBC 952 $aE ARB 7-4.2.$b03/4437/25$fFAGBC 952 $aE ARB 7-4.3.$b03/4438/25$fFAGBC 959 $aFAGBC 996 $aEnciclopedia agraria italiana$979112 997 $aUNINA LEADER 04469nam 22007454a 450 001 9910960670903321 005 20251116151926.0 010 $a1-280-46512-3 010 $a9786610465125 010 $a1-4237-1425-3 010 $a90-474-0269-3 024 7 $a10.1163/9789047402695 035 $a(CKB)1000000000033091 035 $a(EBL)253753 035 $a(OCoLC)171583238 035 $a(SSID)ssj0000114954 035 $a(PQKBManifestationID)11129972 035 $a(PQKBTitleCode)TC0000114954 035 $a(PQKBWorkID)10125004 035 $a(PQKB)10481002 035 $a(MiAaPQ)EBC253753 035 $a(Au-PeEL)EBL253753 035 $a(CaPaEBR)ebr10089729 035 $a(CaONFJC)MIL46512 035 $a(OCoLC)191953235 035 $a(nllekb)BRILL9789047402695 035 $a(EXLCZ)991000000000033091 100 $a20030909d2004 uy 0 101 0 $aeng 135 $aur|n|---||||| 181 $ctxt 182 $cc 183 $acr 200 04$aThe British and French mandates in comparative perspectives /$fedited by Nadine Meouchy and Peter Sluglett ; with Gerard Khoury and Geoffrey Schad = Les mandats francais et anglais dans une perspective comparative / edite par Nadine Meouchy et Peter Sluglett ; avec la collaboration amicale de Gerard Khoury et Geoffrey Schad 210 $aLeiden ;$aBoston $cBrill$d2004 215 $a1 online resource (769 p.) 225 1 $aSocial, economic, and political studies of the Middle East and Asia,$x1385-3376 ;$vv. 93 300 $aPapers presented at a conference held in Aix-en-Provence, June 2001. 311 08$a90-04-13313-5 320 $aIncludes bibliographical references (p. [713]-734) and index. 327 $aCONTENTS/SOMMAIRE; Acknowledgements; Remerciements; Notes on contributors/Liste des auteurs; General introduction; Introduction ge?ne?rale; PART ONE/PREMIE?RE PARTIE SOURCE MATERIALS FOR THE MANDATES/OUTILS DOCUMENTAIRES SUR LES MANDATS; PART TWO/DEUXIE?ME PARTIE THE SPIRIT AND THE LETTER OF THE MANDATES: POLITICAL PRAXIS AND CULTURAL PERSPECTIVES/L'ESPRIT ET LA LETTRE DES MANDATS: PRATIQUES POLITIQUES ET PERSPECTIVES CULTURELLES 327 $aPART THREE/TROISIEME PARTIE THE STATE AND THE POLITICAL, ECONOMIC AND TECHNICAL ELITES: NETWORKS, DYNAMICS AND NATION BUILDING/L'E?TAT ET LES E?LITES POLITIQUES, E?CONOMIQUES ET TECHNIQUES: RE?SEAUX, DYNAPART FOUR/QUATRIE?ME PARTIE RURAL AND URBAN MOBILISATION: RESISTANCE AND COOPERATION/LES MOBILISATIONS URBAINES ET RURALES: RE?SISTANCE ET COOPE?RATION; CONCLUDING REMARKS/SYNTHE?SES DE CONCLUSION; General Bibliography; Index of Personal, Family and Tribal Names 330 $aThis collection represents the first large scale attempt to discuss the Middle Eastern mandates as a totality. It compares the application and effects of this very specific form of late colonialism from a variety of different disciplinary perspectives, including anthropology, architecture, archival conservation, economics, history, law and sociology. It contains analyses at both micro and macro levels, including specific instances of revolt or collaboration, studies of particular individuals, of professional groups and their contributions to "nation-building," comparisons between the various political and cultural policies of the mandatory powers, and the formation and practice of "le savoir colonial" by contemporary ethnographers, officials, physicians and teachers. The volume will be of interest to historians of imperialism and of the twentieth century Middle East. 410 0$aSocial, economic, and political studies of the Middle East and Asia ;$vv. 93. 517 3 $aMandats francais et anglais dans une perspective comparative 606 $aMandates$vCongresses 606 $aMandates$zMiddle East$vCongresses 606 $aElite (Social sciences)$vCongresses 606 $aNationalism$zMiddle East$vCongresses 607 $aFrance$xColonies$xAdministration$vCongresses 607 $aGreat Britain$xColonies$xAdministration$vCongresses 615 0$aMandates 615 0$aMandates 615 0$aElite (Social sciences) 615 0$aNationalism 676 $a956.903 701 $aMe?ouchy$b Nadine$0802364 701 $aSluglett$b Peter$01806651 801 0$bMiAaPQ 801 1$bMiAaPQ 801 2$bMiAaPQ 906 $aBOOK 912 $a9910960670903321 996 $aThe British and French mandates in comparative perspectives$94532328 997 $aUNINA